00943nam a2200169 a 450000100060000000300090000600800410001502000150005604000280007108200130009910000130011224500370012526000280016230000110019050505550020165000170075619446CO-ViMGA141112s2004 ck r 000 u spa d a9681834240 aCO-ViMGAbspacCO-ViMGA04a690 B1451 aBailey, 10aCurso Básico de Construcción aMexico : bLimusa; 2002 a3 Vol. aVol. 1 : Trazo y nivelación del terreno Excavación y ademado Concreto Cimentaciones para muros y pilares Ladrillos Morteros Subestructuras Herramientas de albañilería Vol. 2 : Pisos sólidos construidos sobre el terreno Enlaces o trabazón de la albañileria Construcción de muros Puentes sobre las aberturas Pilastras esquinas oblicuas Tabiques de separación Chimeneas domesticas Vol. 3 : Revestimiento Características decorativas y funcionales Albañileria reforzada Construcción de escalones Drenajes Andamiajes Pavimentación14aCONSTRUCCION